| 000 | 00692nam a22001937a 4500 | ||
|---|---|---|---|
| 999 |
_c67090 _d67090 |
||
| 005 | 20240926134015.0 | ||
| 008 | s2010 eng d | ||
| 020 | _a9789041133212 | ||
| 040 | _aNALT | ||
| 041 | _aeng | ||
| 090 |
_aKM 101.I8 _bR46S 2010 |
||
| 245 | 0 | 0 | _aSocial security law in Italy |
| 260 |
_aAlphen aan den Rijn, The Netherlands : _bKluwer Law International, _c2010. |
||
| 300 |
_a180 p. ; _b _c24 cm. |
||
| 650 | 0 |
_aSocial security _938986 _xLaw and legislation _zItaly |
|
| 850 | _aNALT | ||
| 942 |
_cLB _2local _04 |
||
| 998 |
_j111 _k นางสาวพจพิณ พรมเอี่ยม |
||